<?xml version="1.0" encoding="UTF-8"?>
<record
    xmlns:xsi="http://www.w3.org/2001/XMLSchema-instance"
    xsi:schemaLocation="http://www.loc.gov/MARC21/slim http://www.loc.gov/standards/marcxml/schema/MARC21slim.xsd"
    xmlns="http://www.loc.gov/MARC21/slim">

  <leader>00889nam a2200217 i 4500</leader>
  <controlfield tag="001">46075</controlfield>
  <controlfield tag="003">ES-MaACL</controlfield>
  <controlfield tag="005">20250828083959.0</controlfield>
  <controlfield tag="007">t|</controlfield>
  <controlfield tag="008">030327s1960    fr           ||||1| fre d</controlfield>
  <datafield tag="111" ind1="2" ind2=" ">
    <subfield code="a">Conf&#xE9;rence Internationale de l'Instruction Publique (</subfield>
    <subfield code="n">23&#xAA;. </subfield>
    <subfield code="d">1960.</subfield>
    <subfield code="c">Ginebra)</subfield>
    <subfield code="9">163</subfield>
  </datafield>
  <datafield tag="245" ind1="1" ind2="0">
    <subfield code="a">Elaboration des programmes de l'enseignement g&#xE9;n&#xE9;ral du second degr&#xE9;</subfield>
    <subfield code="b">: XXIIIe Conf&#xE9;rence Internationale de l'Instruction Publique : Gen&#xE9;ve 1960.</subfield>
  </datafield>
  <datafield tag="260" ind1=" " ind2=" ">
    <subfield code="a">Paris : </subfield>
    <subfield code="b">UNESCO ; </subfield>
    <subfield code="a">Gen&#xE8;ve : </subfield>
    <subfield code="b">Bureau International d'Education,</subfield>
    <subfield code="c">1960.</subfield>
  </datafield>
  <datafield tag="300" ind1=" " ind2=" ">
    <subfield code="a">412 p.</subfield>
  </datafield>
  <datafield tag="490" ind1="1" ind2=" ">
    <subfield code="a">Publications du Bureau International d'Education ; </subfield>
    <subfield code="v">215</subfield>
  </datafield>
  <datafield tag="710" ind1="2" ind2="0">
    <subfield code="a">Oficina Internacional de Educaci&#xF3;n</subfield>
    <subfield code="9">6022</subfield>
  </datafield>
  <datafield tag="710" ind1="2" ind2=" ">
    <subfield code="a">Unesco.</subfield>
    <subfield code="9">6999</subfield>
  </datafield>
  <datafield tag="830" ind1="0" ind2=" ">
    <subfield code="a">Publications du Bureau International d'Education ; </subfield>
    <subfield code="v">215</subfield>
    <subfield code="9">181740</subfield>
  </datafield>
  <datafield tag="852" ind1=" " ind2=" ">
    <subfield code="a">ES-MaACL</subfield>
    <subfield code="j">C-18933 </subfield>
    <subfield code="b">R.46641</subfield>
  </datafield>
  <datafield tag="999" ind1=" " ind2=" ">
    <subfield code="c">46075</subfield>
    <subfield code="d">46075</subfield>
  </datafield>
  <datafield tag="952" ind1=" " ind2=" ">
    <subfield code="0">0</subfield>
    <subfield code="1">0</subfield>
    <subfield code="4">0</subfield>
    <subfield code="7">0</subfield>
    <subfield code="a">ATENEOM</subfield>
    <subfield code="b">ATENEOM</subfield>
    <subfield code="c">Galer&#xED;a</subfield>
    <subfield code="d">2008-01-17</subfield>
    <subfield code="e">SC</subfield>
    <subfield code="l">0</subfield>
    <subfield code="o">C-18933</subfield>
    <subfield code="p">1048471</subfield>
    <subfield code="r">2023-02-23 00:00:00</subfield>
    <subfield code="w">2023-02-23</subfield>
    <subfield code="y">MONOGRAFIA</subfield>
  </datafield>
</record>
